000 00512nam a2200169 a 4500
001 000034934
005 20200930074009.0
008 111021s1927 fr 000 0 fre d
040 _aDO-SdBNP
_bspa
_cBNPHU
082 _axxx
_bD869j
100 1 _aDuhamel, Georges
_960501
245 1 0 _aJournal de salavin /
_cGeorges Duhamel.
250 _a29a ed.
260 _aParis :
_bMercvre de France,
_c1927.
300 _a247 p. ;
_c19 cm.
590 _aPerteneció a la biblioteca personal de Juan Isidro Jimenes Grullón.
999 _c34425
_d34425